000 00423nam a2200157Ia 4500
008 160316s1988 xxu||||| |||| 00| 0 eng d
082 _a300.072000
_bROT
100 _aRottenberg Annette T
245 _aElements of argument : A text and reader
250 _a2nd
260 _aNew York
_bA Bedord Book
_c1988
300 _a529p
_b
_cv
365 _bRs.125
650 _a1. Skills - Articulation - Arguments
700 _a
_a
999 _c14272
_d14272